Geografía del turismo /

Se intenta dar una imagen de este importante fenómeno sociocultural en constante crecimiento, tanto en su impacto espacial como en su significación y repercusiones culturales y políticas. La obra se inicia y concluye con sendos capítulos que marcan las directrices a seguir para un estudio mas profun...

Full description

Bibliographic Details
Main Author: Díaz Alvarez, José R.
Format: Libro
Language:Spanish
Published: Madrid Síntesis 1999
Series:Geografía de España 12
Subjects:
Online Access:

MARC

LEADER 00000cam a2200000 a 4500
001 019439
003 UAHC_CL
005 20170803121744.0
008 061024b1999 sp 000 spa
020 |a 8477380163 
040 |a UAHC_CL  |c UAHC_CL  |d UAHC_CL 
100 1 |a Díaz Alvarez, José R. 
245 1 0 |a Geografía del turismo /  |c José R. Díaz Alvarez. 
260 |b Síntesis  |a Madrid  |c 1999 
300 |a 152 p. 
490 0 |a Geografía de España  |v 12 
520 |a Se intenta dar una imagen de este importante fenómeno sociocultural en constante crecimiento, tanto en su impacto espacial como en su significación y repercusiones culturales y políticas. La obra se inicia y concluye con sendos capítulos que marcan las directrices a seguir para un estudio mas profundo de la actividad turística en cualquier espacio turístico. En otros capítulos se ofrece una visión descriptiva de la oferta turística en España, su peso especifico regional y la dependencia económica de ciertas áreas con respecto a esa actividad. 
521 |a Geografía Humana 
521 |a Geografía humana, desarrollo local y global 
521 |a Dimensión humana del espacio geográfico 
650 4 |a TURISMO 
653 |a LICENCIATURA EN HISTORIA 
653 |a PEDAGOGIA EN HISTORIA Y CIENCIAS SOCIALES 
653 |a GEOGRAFIA 
658 |a González, Pilar 
900 |a 711.558 DIA 
942 |c BK 
952 |0 0  |1 0  |4 0  |6 711_558000000000000_DIA  |7 0  |8 General  |9 38968  |a BC  |b BC  |c General  |d 2017-08-03  |l 0  |o 711.558 DIA  |p 1356102  |r 2026-01-13 00:00:00  |t 1  |w 2017-08-03  |y BK 
952 |0 0  |1 0  |4 0  |6 711_558000000000000_DIA  |7 0  |8 General  |9 38969  |a BC  |b BC  |c General  |d 2017-08-03  |l 0  |o 711.558 DIA  |p 1356103  |r 2026-01-13 00:00:00  |t 2  |w 2017-08-03  |y BK 
952 |0 0  |1 0  |4 0  |6 711_558000000000000_DIA  |7 0  |8 General  |9 38970  |a BC  |b BC  |c General  |d 2017-08-03  |l 0  |o 711.558 DIA  |p 1356104  |r 2026-01-13 00:00:00  |t 3  |w 2017-08-03  |y BK 
952 |0 0  |1 0  |4 0  |6 711_558000000000000_DIA  |7 0  |8 General  |9 38971  |a BC  |b BC  |c General  |d 2017-08-03  |l 0  |o 711.558 DIA  |p 1356105  |r 2026-01-13 00:00:00  |t 4  |w 2017-08-03  |y BK 
952 |0 0  |1 0  |4 0  |6 711_558000000000000_DIA  |7 0  |8 General  |9 38972  |a BC  |b BC  |c General  |d 2017-08-03  |l 0  |o 711.558 DIA  |p 1356106  |r 2026-01-13 00:00:00  |t 5  |w 2017-08-03  |y BK 
952 |0 0  |1 0  |4 0  |6 711_558000000000000_DIA  |7 0  |8 General  |9 38973  |a BC  |b BC  |c General  |d 2017-08-03  |l 0  |o 711.558 DIA  |p 1363767  |r 2026-01-13 00:00:00  |t 6  |w 2017-08-03  |y BK 
952 |0 0  |1 0  |4 0  |6 711_558000000000000_DIA  |7 0  |8 General  |9 38974  |a BC  |b BC  |c General  |d 2017-08-03  |l 0  |o 711.558 DIA  |p 1363768  |r 2026-01-13 00:00:00  |t 7  |w 2017-08-03  |y BK 
999 |c 19439  |d 19439